| 000 | 00526nam a2200169Ia 4500 | ||
|---|---|---|---|
| 003 | OSt | ||
| 005 | 20210901143136.0 | ||
| 008 | 190216s9999||||xx |||||||||||||| ||und|| | ||
| 040 | _coclc | ||
| 082 |
_a297 _bALM/I |
||
| 100 |
_aAl Mahmud, Al Shaikh Abdullah Bin Zaid _98736 |
||
| 245 | 0 |
_aIjtimah Ahlal Islam Ala Aydin Wahidin Kulla Aamin / _cAl Shaikh Abdullah Bin Zaid Al Mahmud |
|
| 260 |
_bKitab Bhavan, _aNew Delhi: |
||
| 300 | _a46p | ||
| 650 | _aArabic | ||
| 942 |
_cBK _2ddc _h297 _iALM/I _k297 _mALM/I |
||
| 999 |
_c362 _d362 |
||